| Tag |
First Indicator |
Second Indicator |
Subfields |
| LEADER |
00000cam a22000001a 4500 |
| 001 |
in00003204530 |
| 006 |
m d f |
| 007 |
cr bn mmmapmmp |
| 008 |
090623s1961 dcu o f000 0 eng d |
| 005 |
20260604205334.4 |
| 035 |
|
|
|a cis2007429194
|
| 040 |
|
|
|a UMI
|c UMI
|d UtOrBLW
|
| 043 |
|
|
|a n-us---
|
| 086 |
0 |
|
|a Y 4.L 11/2:L 86/2/961
|
| 099 |
|
|
|a HRG-1961-LPW-0011
|
| 110 |
1 |
|
|a United States.
|b Congress.
|b Senate.
|b Committee on Labor and Public Welfare.
|b Subcommittee on Labor.
|
| 245 |
1 |
0 |
|a Amendments to the Longshoremen's and Labor Workers' Compensation Act :
|b hearings before the United States Senate Committee on Labor and Public Welfare, Subcommittee on Labor, Eighty-Seventh Congress, first session, on June 20, 1961.
|
| 264 |
|
1 |
|a Washington :
|b U.S. G.P.O.,
|c 1961.
|
| 300 |
|
|
|a 1 online resource.
|
| 336 |
|
|
|a text
|b txt
|2 rdacontent
|
| 337 |
|
|
|a computer
|b c
|2 rdamedia
|
| 338 |
|
|
|a online resource
|b cr
|2 rdacarrier
|
| 500 |
|
|
|a Record is based on bibliographic data in ProQuest Congressional Hearings Digital Collection. Reuse except for individual research requires license from ProQuest, LLC.
|
| 520 |
|
|
|a Considers S. 733 and H.R. 1258, to amend the Longshoremen's and Harbor Workers' Compensation Act to increase both temporary and permanent benefits in cases of disabling injuries.
|
| 520 |
|
|
|a Considers (87) S. 733, (87) H.R. 1258.
|
| 538 |
|
|
|a System requirements: PDF reader software.
|
| 500 |
|
|
|a Electronic resource.
|
| 650 |
|
0 |
|a Stevedores
|x Law and legislation
|z United States.
|
| 650 |
|
0 |
|a Workers' compensation
|x Law and legislation
|z United States.
|
| 655 |
|
7 |
|a Electronic books.
|2 local
|
| 710 |
2 |
|
|a ProQuest (Firm)
|
| 776 |
0 |
8 |
|i Print version:
|a United States. Congress. Senate. Committee on Labor and Public Welfare. Subcommittee on Labor.
|t Amendments to the Longshoremen's and Labor Workers' Compensation Act
|
| 776 |
0 |
8 |
|i Microfiche version:
|a United States. Congress. Senate. Committee on Labor and Public Welfare. Subcommittee on Labor.
|t Amendments to the Longshoremen's and Labor Workers' Compensation Act.
|d [Bethesda, Md.] : ProQuest,[2004]
|o CIS Hrgs MF Gp 3--(87) S1463-2
|w (ProQuest)cis10703237
|
| 830 |
|
0 |
|a U.S. Congressional Hearings.
|
| 856 |
4 |
0 |
|u http://proxy.library.tamu.edu/login?url=https://congressional.proquest.com/congcomp/getdoc?HEARING-ID=HRG-1961-LPW-0011
|z Connect to the full text of this electronic book
|t 0
|
| 998 |
|
|
|a cis10703237
|
| 999 |
|
|
|a MARS
|
| 999 |
f |
f |
|s 0809cc28-8820-3b3d-a171-e81ce6ac3d37
|i f375286b-fcdf-3fd5-8739-48914ce4502f
|t 0
|
| 952 |
f |
f |
|a Texas A&M University
|b College Station
|c Electronic Resources
|s www_evans
|d Available Online
|t 0
|e HRG-1961-LPW-0011
|h Other scheme
|
| 998 |
f |
f |
|a HRG-1961-LPW-0011
|t 0
|l Available Online
|